| 000 -LEADER |
| fixed length control field |
01097pab a2200193 454500 |
| 008 - FIXED-LENGTH DATA ELEMENTS--GENERAL INFORMATION |
| fixed length control field |
180718b2007 xxu||||| |||| 00| 0 eng d |
| 100 ## - MAIN ENTRY--PERSONAL NAME |
| Personal name |
Kar, Sabyasachi |
| 245 ## - TITLE STATEMENT |
| Title |
Reforms and regional inequality in India |
| 260 ## - PUBLICATION, DISTRIBUTION, ETC. |
| Date of publication, distribution, etc. |
2007 |
| 300 ## - PHYSICAL DESCRIPTION |
| Extent |
p.69-77. |
| 362 ## - DATES OF PUBLICATION AND/OR SEQUENTIAL DESIGNATION |
| Dates of publication and/or sequential designation |
24 Nov |
| 520 ## - SUMMARY, ETC. |
| Summary, etc. |
This article analyses the impact of pro-market reforms on regional inequality in India, both at the aggregate and the sectoral level. It draws on the "new economic geography" literature that evaluates the impact of reforms on regional inequality in a country in terms of the centripetal and centrifugal forces generated in the economy. The results show that regional inequality in India remained largely unchanged during the 1980s but rose dramatically after the adoption of the reforms. This is mainly due to the fact that the per capita output convergence before the reforms and divergence afterwards. - Reproduced. |
| 650 ## - SUBJECT ADDED ENTRY--TOPICAL TERM |
| Topical term or geographic name entry element |
Regional disparities - India |
| 650 ## - SUBJECT ADDED ENTRY--TOPICAL TERM |
| Topical term or geographic name entry element |
Regional disparities |
| 700 ## - ADDED ENTRY--PERSONAL NAME |
| Personal name |
Sakthivel, S. |
| 773 ## - HOST ITEM ENTRY |
| Main entry heading |
Economic and Political Weekly |
| 908 ## - PUT COMMAND PARAMETER (RLIN) |
| Put command parameter |
N |
| 909 ## - |
| -- |
76651 |